| 000 | 01117cam a22003011a 4500 | ||
|---|---|---|---|
| 001 | gs 58000251 | ||
| 003 | DLC | ||
| 005 | 20260227111407.0 | ||
| 008 | 790920s1959 dcuab b f001 0 eng c | ||
| 010 | _ags 58000251 | ||
| 035 | _a(OCoLC)5393115 | ||
| 040 |
_aU.S. Geol. Survey. Libr. _cTxLT _dTxLT _dDNAL _dOCoLC _dDLC |
||
| 042 | _apremarc | ||
| 043 | _an-us-ca | ||
| 050 | 0 | 0 |
_aTC801 _b.U2 no. 1467 |
| 070 | 0 |
_a407 _bG29W no.1467 |
|
| 072 | 0 | _aP200 | |
| 100 | 1 |
_aWilson, H. D. _q(Harry Dennis), _d1919- |
|
| 245 | 1 | 0 |
_aGround-water appraisal of Santa Ynez River basin, Santa Barbara County, California, 1945-52 / _cby H.D. Wilson, Jr. |
| 260 |
_aWashington, D.C. : _bU.S. G.P.O., _c1959. |
||
| 300 |
_avi, 119 p. : _bill., maps ; _c24 cm. |
||
| 440 | 0 |
_aGeological Survey water-supply paper ; _v1467 |
|
| 500 | _a"Prepared in cooperation with the U.S. Bureau of Reclamation and the Santa Barbara County Water Agency." | ||
| 504 | _aBibliography: p. 108-109. | ||
| 500 | _aIncludes index. | ||
| 650 | 0 |
_aWater-supply _zCalifornia _zSanta Ynez Valley. |
|
| 650 | 0 |
_aGroundwater _zCalifornia _zSanta Ynez Valley. |
|
| 999 |
_c29286 _d29286 |
||